[Event "FIDE World Rapid Team"]
[Site "London ENG"]
[Date "2025.06.12"]
[Round "8.5"]
[White "Mokhber-Garcia, Sebastian"]
[Black "Hng, Mei-Xian Eunice"]
[Result "0-1"]
[BlackTitle "WFM"]
[WhiteElo "1853"]
[BlackElo "2066"]
[WhiteTeam "The London Legends"]
[BlackTeam "Oxbridge"]
[WhiteFideId "499269"]
[BlackFideId "5806585"]
[EventDate "2025.06.11"]
[EventType "team"]

1. e4 c5 2. Nf3 e6 3. d4 cxd4 4. Nxd4 a6 5. Bd3 Bc5 6. Nb3 Ba7 7. O-O Nc6 8. Nc3
Nf6 9. Bf4 Bb8 10. Qf3 Ne5 11. Qe3 O-O 12. Be2 b5 13. Bg3 Bb7 14. Nc5 Bc6 15. a3
Qe7 16. Bxe5 Bxe5 17. f4 Bxc3 18. bxc3 d6 19. Nb3 Bxe4 20. Qd2 Qa7+ 21. Kh1 Qb7
22. Rf2 Bd5 23. Bf3 Bxf3 24. Rxf3 d5 25. Qd4 Rac8 26. Rg3 Qe7 27. Re1 Rc4 28.
Qe5 g6 29. Nd4 Nd7 30. Nf5 Qf6 31. Nh6+ Kg7 32. Qg5 Qxg5 33. fxg5 Rfc8 34. Rf3
Rf8 35. h3 Rc7 36. Ng4 Nc5 37. Nf6 Rfc8 38. Rf4 Na4 39. Rh4 h5 40. g4 Rc4 41.
Kg2 Rh8 42. Re3 Nxc3 43. Kg1 Ne4 44. gxh5 Nxg5 45. Rxc4 bxc4 46. Ng4 Rxh5 47.
Kg2 Ne4 48. a4 Rh8 49. Ne5 Rb8 50. Re2 Rb2 51. a5 f5 52. Nf3 Ra2 53. Nd4 Kf6 54.
Nc6 Nc3 55. Rf2 e5 56. h4 d4 57. Kf1 Ne4 58. Rg2 d3 59. cxd3 Rxg2 60. Kxg2 cxd3
61. Kf3 Nc5 62. Nb4 e4+ 63. Ke3 Ke5 64. Nc6+ Kd6 65. Nb4 f4+ 66. Kd2 e3+ 67. Ke1
f3 68. Na2 d2+ 69. Kd1 f2 70. Ke2 d1=Q+ 71. Kxd1 f1=Q+ 72. Kc2 Qd3+ 73. Kb2 Na4+
74. Kc1 Qd2+ 0-1

[Event "FIDE World Rapid Team"]
[Site "London ENG"]
[Date "2025.06.12"]
[Round "8.6"]
[White "Nayberg, Simona"]
[Black "Kodukula, Sameera"]
[Result "1-0"]
[WhiteElo "1819"]
[BlackElo "1647"]
[WhiteTeam "Oxbridge"]
[BlackTeam "The London Legends"]
[WhiteFideId "2075180"]
[BlackFideId "343413994"]
[EventDate "2025.06.11"]
[EventType "team"]

1. e4 e6 2. d4 d5 3. Nc3 dxe4 4. Nxe4 Nd7 5. Qf3 Ngf6 6. c3 Nxe4 7. Qxe4 Nf6 8.
Qh4 Be7 9. Nf3 Nd5 10. Qg3 Bf6 11. Bd3 Qd6 12. Ne5 a6 13. Bg5 g6 14. h4 c5 15.
Bxf6 Nxf6 16. Qf3 Qe7 17. dxc5 Nd5 18. h5 f6 19. Ng4 f5 20. Ne3 Nxe3 21. Qxe3 g5
22. Qe5 O-O 23. O-O Qg7 24. Qe3 Qf7 25. Bc4 Re8 26. Rad1 Qxh5 27. Rfe1 Qg6 28.
Rd6 f4 29. Qe5 Kf7 30. Bd3 Qg7 31. Qe4 h6 32. c6 bxc6 33. Qxc6 Rb8 34. Qc7+ Re7
35. Qxb8 Bd7 36. Bc4 Kf6 37. Qb6 Qf7 38. Qxa6 Qg8 39. Qa7 Qf7 40. Qd4+ Kg6 41.
Bd3+ Kh5 42. Rd1 e5 43. Be2+ 1-0

[Event "FIDE World Rapid Team"]
[Site "London ENG"]
[Date "2025.06.12"]
[Round "8.1"]
[White "Kawuma, Patrick"]
[Black "Vaidyanathan, Adithya"]
[Result "1-0"]
[WhiteTitle "FM"]
[WhiteElo "2231"]
[BlackElo "2111"]
[WhiteTeam "Equity Bank, Kenya"]
[BlackTeam "UK Chess Challenge Masters"]
[WhiteFideId "10000127"]
[BlackFideId "495450"]
[EventDate "2025.06.11"]
[EventType "team"]

1. c4 c5 2. Nc3 g6 3. Nf3 Bg7 4. e3 Nf6 5. d4 cxd4 6. exd4 O-O 7. d5 d6 8. Be2
e5 9. dxe6 Bxe6 10. O-O d5 11. Nd4 Bc8 12. Bg5 dxc4 13. Bxc4 h6 14. Bh4 a6 15.
Qd3 b5 16. Bb3 Nc6 17. Rad1 Qxd4 18. Qxd4 Nxd4 19. Rxd4 Nh5 20. Rd6 g5 21. Bg3
Nxg3 22. fxg3 b4 23. Ne4 Be5 24. Rxh6 Kg7 25. Rc6 Bb7 26. Rc4 a5 27. Rf5 Bxe4
28. Rxe5 f5 29. Rc7+ Kg6 30. g4 a4 31. gxf5+ Bxf5 32. Bd5 Rad8 33. Rc5 Bd3 34.
Bf3 Bf5 35. h3 Rfe8 36. Rxf5 Rd2 37. Rxg5+ Kf6 38. Rcf5+ Ke6 39. Re5+ Kd7 40.
Rxe8 Kxe8 41. Bc6+ Ke7 42. Bxa4 Rxb2 43. Bb3 Rd2 44. Rg4 Kf6 45. Rxb4 Ke5 46.
Rg4 Rb2 47. Kh2 Rd2 48. Rg3 Kf4 49. Rg4+ Ke3 50. a4 Rb2 51. Be6 Kf2 52. Rf4+ Ke3
53. Rf3+ Ke4 54. Ra3 Ke5 55. Bg4 Rb7 56. a5 Kd4 57. a6 Ra7 58. Bf3 Kc4 59. Bb7
Kb4 60. Rd3 Kb5 61. h4 Kb6 62. h5 Rxa6 63. Bxa6 Kxa6 64. Rb3 Ka5 65. h6 Ka4 66.
Rb8 Ka5 67. h7 Ka6 68. h8=Q Ka7 69. Rb1 Ka6 70. Qa8# 1-0

[Event "FIDE World Rapid Team"]
[Site "London ENG"]
[Date "2025.06.12"]
[Round "8.2"]
[White "Yu, Rock"]
[Black "Gurevich, Artjom"]
[Result "1/2-1/2"]
[WhiteElo "2057"]
[BlackElo "2183"]
[WhiteTeam "UK Chess Challenge Masters"]
[BlackTeam "Equity Bank, Kenya"]
[WhiteFideId "489000"]
[BlackFideId "2603870"]
[EventDate "2025.06.11"]
[EventType "team"]

1. Nf3 d5 2. g3 c5 3. Bg2 Nc6 4. d4 e6 5. O-O cxd4 6. Nxd4 Bc5 7. Nxc6 bxc6 8.
c4 Ne7 9. Qc2 Bb6 10. b3 O-O 11. Bb2 f6 12. Rd1 e5 13. cxd5 cxd5 14. Nc3 Be6 15.
Nxd5 Nxd5 16. Qc6 Qc8 17. Bxd5 Qxc6 18. Bxc6 Rac8 19. Rac1 Rc7 20. b4 Bxa2 21.
b5 Rcc8 22. Ra1 Bb3 23. Rd3 Bc4 24. Rd2 Rfd8 25. Rad1 Rxd2 26. Rxd2 Rd8 27.
Rxd8+ Bxd8 28. e3 Kf7 29. f4 exf4 30. gxf4 Bb6 31. Kf2 Ke6 32. Ba3 g5 33. fxg5
fxg5 34. Bc1 Kd6 35. Kg3 a5 36. e4 h6 37. h4 gxh4+ 38. Kxh4 Bc5 39. Bxh6 Ke5 40.
Kg3 a4 41. Bg7+ Ke6 42. b6 Bxb6 43. Bxa4 Bd3 44. Bb3+ Kd6 45. e5+ Ke7 46. Bf6+
Kd7 47. e6+ Kd6 48. Kf4 Bg6 49. Kg5 Be8 50. Kf5 Be3 51. Be5+ Ke7 52. Ke4 Bg5 53.
Kd5 Be3 54. Bd6+ Kf6 55. Bf8 Bd2 56. Bc5 Bh6 57. Bd4+ Ke7 58. Bc2 Bc6+ 59. Kxc6
Kxe6 60. Bb3+ Kf5 61. Kd5 Bf4 62. Bc2+ Kg5 63. Ke6 Bd2 64. Ke5 Bc1 65. Bd3 Bd2
66. Bc5 Bc3+ 67. Ke4 Bb2 68. Be3+ Kf6 69. Bc4 Ba1 70. Bb6 Bb2 71. Bd8+ Kg7 72.
Kf5 Bc3 73. Bc7 Bb2 74. Bf4 Bc3 75. Kg5 Bb2 76. Bd6 Bc3 77. Be7 Bb2 78. Kf5 Bc3
79. Ke4 1/2-1/2

[Event "FIDE World Rapid Team"]
[Site "London ENG"]
[Date "2025.06.12"]
[Round "8.3"]
[White "Andiwoh, Moses"]
[Black "Zhu, Pengxiao"]
[Result "0-1"]
[WhiteElo "1796"]
[BlackElo "1938"]
[WhiteTeam "Equity Bank, Kenya"]
[BlackTeam "UK Chess Challenge Masters"]
[WhiteFideId "10801502"]
[BlackFideId "499307"]
[EventDate "2025.06.11"]
[EventType "team"]

1. e4 e5 2. Nf3 Nc6 3. Bc4 Nf6 4. d3 h6 5. c3 d6 6. Nbd2 g6 7. Nf1 Bg7 8. Be3
O-O 9. Qd2 Kh7 10. h3 d5 11. exd5 Nxd5 12. Ng3 f5 13. Bc5 Re8 14. O-O b6 15. Ba3
Bb7 16. Rae1 Na5 17. Bb5 Bc6 18. Bxc6 Nxc6 19. Ne2 Qf6 20. Qc1 Qf7 21. b3 Rad8
22. Rd1 Nf6 23. Qc2 Kh8 24. Bc1 Nd5 25. Nd2 g5 26. Nc4 b5 27. Ne3 f4 28. Nxd5
Qxd5 29. f3 Re7 30. c4 Qc5+ 31. Kh2 Red7 32. Bb2 Nb4 33. Qb1 Nxd3 34. Nc3 bxc4
35. Ne4 Qb5 36. Bc3 Nc5 37. Rxd7 Rxd7 38. Nxc5 Qxc5 39. Qe4 cxb3 40. Qa8+ Kh7
41. Qe4+ Kg8 42. Bb4 Qd4 43. Qxd4 Rxd4 44. Bc5 Rd5 45. Bxa7 bxa2 0-1

[Event "FIDE World Rapid Team"]
[Site "London ENG"]
[Date "2025.06.12"]
[Round "8.4"]
[White "Longson, Sarah N"]
[Black "Mutisya, Jully"]
[Result "1-0"]
[WhiteTitle "WFM"]
[BlackTitle "WCM"]
[WhiteElo "1941"]
[BlackElo "1822"]
[WhiteTeam "UK Chess Challenge Masters"]
[BlackTeam "Equity Bank, Kenya"]
[WhiteFideId "2501465"]
[BlackFideId "10814922"]
[EventDate "2025.06.11"]
[EventType "team"]

1. e4 g6 2. d4 Bg7 3. Nf3 d6 4. Bc4 Nf6 5. Qe2 c6 6. Bb3 e5 7. dxe5 dxe5 8. O-O
Nbd7 9. Bg5 O-O 10. Nc3 Qc7 11. h3 Nc5 12. Qe3 Ne6 13. Bh4 Nf4 14. Ne2 Re8 15.
Ng5 Be6 16. Nxe6 Nxe6 17. Rad1 Nf4 18. Bg5 N6h5 19. Rfe1 Ne6 20. Bh4 Nhf4 21.
Kh2 Bh6 22. g3 g5 23. gxf4 exf4 24. Qf3 gxh4 25. Rg1+ Kh8 26. Bxe6 Rxe6 27. Nd4
Rg6 28. Nf5 Bg5 29. Rg4 Rag8 30. Kh1 h5 31. Rxh4 Bh6 32. Rxh5 Kh7 33. Qd3 Qb6 1-0

[Event "FIDE World Rapid Team"]
[Site "London ENG"]
[Date "2025.06.12"]
[Round "8.5"]
[White "Kabugu, Njagi"]
[Black "Sefton, Adam"]
[Result "0-1"]
[WhiteElo "1682"]
[BlackElo "2047"]
[WhiteTeam "Equity Bank, Kenya"]
[BlackTeam "UK Chess Challenge Masters"]
[WhiteFideId "10806075"]
[BlackFideId "343400965"]
[EventDate "2025.06.11"]
[EventType "team"]

1. e4 e6 2. d4 d5 3. Nd2 Nf6 4. e5 Nfd7 5. c3 c5 6. Ngf3 Nc6 7. Nb3 cxd4 8. cxd4
f6 9. Bb5 Be7 10. O-O O-O 11. Re1 a6 12. exf6 Nxf6 13. Bxc6 bxc6 14. Ne5 Qc7 15.
Bf4 Ne4 16. Be3 Bd6 17. f4 Bb7 18. Rc1 Rac8 19. Qg4 Qe7 20. Na5 Bb4 21. Nxb7
Bxe1 22. Nc5 Nxc5 23. dxc5 Bh4 24. Bd4 Bf6 25. Re1 Bxe5 26. Rxe5 Rce8 27. Rxe6
Qf7 28. Rxe8 Rxe8 29. Be5 h6 30. h3 Rd8 31. Qf3 d4 32. Qxc6 d3 33. Qf3 d2 34.
Qd1 Qc4 35. Bd6 Qc1 0-1

[Event "FIDE World Rapid Team"]
[Site "London ENG"]
[Date "2025.06.12"]
[Round "8.6"]
[White "Veselow, Zoe"]
[Black "Kuka Kyle"]
[Result "0-1"]
[WhiteElo "1761"]
[BlackElo "1892"]
[WhiteTeam "UK Chess Challenge Masters"]
[BlackTeam "Equity Bank, Kenya"]
[WhiteFideId "497657"]
[BlackFideId "10831533"]
[EventDate "2025.06.11"]
[EventType "team"]

1. e4 c6 2. d4 d5 3. exd5 cxd5 4. c4 Nf6 5. Nc3 Nc6 6. Nf3 Bg4 7. cxd5 Nxd5 8.
Qb3 Bxf3 9. gxf3 e6 10. Nxd5 Qxd5 11. Qxd5 exd5 12. Be3 Bb4+ 13. Kd1 O-O 14. Rg1
Kh8 15. Bd3 Ba5 16. a3 Bb6 17. Rg4 f5 18. Rh4 h6 19. Rc1 f4 20. Bxf4 Bxd4 21.
Rc2 Bf6 22. Rh3 Be7 23. Be3 d4 24. Bd2 Ne5 25. Be4 Rac8 26. Bxb7 Rxc2 27. Kxc2
d3+ 28. Kb1 Nc4 29. Bc3 Bf6 30. Bxf6 Rxf6 31. Rh4 d2 32. Rd4 Rd6 33. Bd5 Nb6 34.
Rxd2 Rxd5 35. Rxd5 Nxd5 36. b4 Kg8 37. Kc2 Kf7 38. Kd3 Ke6 39. b5 Kd6 40. Kd4
Nb6 41. f4 Nd5 42. f5 Ne7 43. a4 Nxf5+ 44. Ke4 Ne7 45. Kd4 g5 46. a5 Nd5 47. b6
axb6 48. axb6 Nxb6 49. Ke4 Ke6 50. h3 Nd5 51. Kf3 Kf5 52. Kg3 Nf6 53. f3 Nh5+
54. Kg2 Kf4 55. Kf2 Ng3 56. Kg2 Nf5 57. Kf2 Nh4 58. Ke2 Kg3 59. Ke3 Nxf3 60. Ke4
Kxh3 61. Kxf3 g4+ 62. Kf2 Kh2 63. Kf1 g3 64. Ke2 g2 65. Kf3 g1=Q 66. Ke2 Qd4 67.
Kf3 Qe5 68. Kf2 Qe4 69. Kf1 Kg3 70. Kg1 Qe1# 0-1

[Event "FIDE World Rapid Team"]
[Site "London ENG"]
[Date "2025.06.12"]
[Round "8.1"]
[White "Momunaliev, Ruslan"]
[Black "Sedykh, Mikhail"]
[Result "1/2-1/2"]
[WhiteTitle "CM"]
[WhiteElo "2214"]
[BlackElo "2159"]
[WhiteTeam "Youth KG"]
[BlackTeam "Desert Penguins"]
[WhiteFideId "13812211"]
[BlackFideId "447498"]
[EventDate "2025.06.11"]
[EventType "team"]

1. e4 c6 2. d4 d5 3. e5 c5 4. dxc5 e6 5. c3 Bxc5 6. b4 Be7 7. Qg4 g6 8. Nf3 a5
9. Ba3 h5 10. Qf4 Nh6 11. Bd3 Na6 12. Nbd2 g5 13. Qd4 Nf5 14. Bxf5 exf5 15. b5
Bxa3 16. bxa6 b5 17. e6 O-O 18. h4 g4 19. exf7+ Rxf7 20. Ne5 Re7 21. O-O Rxa6
22. Nd3 Bb7 23. Nf4 Qb6 24. Nxd5 Bxd5 25. Qxd5+ Rf7 26. Rfe1 Qc6 27. Qb3 Bf8 28.
Re5 Bg7 29. Rxf5 Qe6 30. Rxf7 Kxf7 31. Qxb5 Bxc3 32. Qb7+ Kg6 33. Rd1 Rd6 34.
Qb1+ Qf5 35. Qc1 Qd3 36. Nf1 Qxd1 37. Qxc3 a4 38. Qe5 Qd5 39. Qe8+ Kh6 40. Qxa4
Qd4 41. Qe8 Rf6 42. Qh8+ Kg6 43. Qg8+ Kh6 44. Qg5+ Kh7 45. Qxh5+ Kg7 46. Qg5+
Kf7 47. Qe3 Qa1 48. Qe2 g3 49. fxg3 Re6 50. Qh5+ Kg7 51. Qg5+ Kf7 52. Qh5+ Kg7
53. Qg4+ Kf7 54. Qc4 Ke7 55. Qc7+ Kf6 56. Qf4+ Ke7 57. Qb4+ Kf7 58. Qb7+ Kf8 59.
Qa8+ Kf7 60. Qb7+ Kf8 61. Qa8+ Kg7 62. Qa7+ Kf8 63. Qb8+ Kf7 64. Qa7+ Kf8 65.
Qf2+ Rf6 66. Qe2 Qd4+ 67. Ne3 Re6 68. Qf2+ Ke8 69. Nf1 Qa1 70. g4 Qd1 71. Qf3 1/2-1/2

[Event "FIDE World Rapid Team"]
[Site "London ENG"]
[Date "2025.06.12"]
[Round "8.2"]
[White "Madan, Augustin"]
[Black "Kurbanbaev, Zalkar"]
[Result "0-1"]
[WhiteTitle "IM"]
[WhiteElo "2259"]
[BlackElo "2119"]
[WhiteTeam "Desert Penguins"]
[BlackTeam "Youth KG"]
[WhiteFideId "1210327"]
[BlackFideId "13808524"]
[EventDate "2025.06.11"]
[EventType "team"]

1. Nf3 c5 2. c4 Nf6 3. Nc3 g6 4. g3 Bg7 5. Bg2 O-O 6. O-O Nc6 7. d4 cxd4 8. Nxd4
Nxd4 9. Qxd4 d6 10. Qd3 Bf5 11. e4 Be6 12. Bd2 Ng4 13. b3 Rc8 14. Rac1 Ne5 15.
Qe2 a6 16. f4 Bg4 17. Qe3 Nc6 18. Qd3 Nb4 19. Qb1 Qb6+ 20. Kh1 Qd4 21. Be1 Nd3
22. Rc2 Nxe1 23. Rxe1 e6 24. Ne2 Bxe2 25. Rcxe2 b5 26. Rd1 Qb6 27. cxb5 axb5 28.
Qd3 b4 29. f5 Rc3 30. Qd2 Be5 31. Rf1 Kg7 32. Ref2 exf5 33. exf5 f6 34. Qd5 g5
35. Qe6 Rc7 36. Bd5 Qa7 37. Bc4 Qb7+ 38. Qd5 Qxd5+ 39. Bxd5 Rc5 40. Rd1 Rfc8 41.
Kg2 R8c7 42. h4 Rc3 43. Rf3 g4 44. Rfd3 Rxd3 45. Rxd3 Rc2+ 46. Kg1 Rxa2 47. Be6
Kf8 48. Bd5 Ke7 49. Bg8 h6 50. Bd5 Rc2 51. Bc4 Kd7 52. Bb5+ Kc7 53. Bc4 Kc6 54.
Kf1 Rc3 55. Kf2 Rxd3 56. Bxd3 Kc5 57. Be2 h5 58. Ba6 Bd4+ 59. Ke2 Kd5 60. Bc4+
Ke4 61. Bf7 Kxf5 62. Bxh5 Be5 63. Kf2 d5 64. Bf7 Ke4 65. h5 f5 66. h6 d4 67. h7
d3 68. Be6 Bd4+ 69. Ke1 Bc3+ 70. Kd1 Be5 71. Kd2 Bg7 72. Ke1 Bc3+ 73. Kd1 f4 74.
gxf4 Kxf4 75. h8=Q Bxh8 76. Kd2 g3 77. Bd5 Ke5 78. Bg2 Kd4 0-1

[Event "FIDE World Rapid Team"]
[Site "London ENG"]
[Date "2025.06.12"]
[Round "8.3"]
[White "Beknazarov, Emir"]
[Black "Bansal, Rohan"]
[Result "0-1"]
[WhiteElo "1878"]
[BlackElo "2005"]
[WhiteTeam "Youth KG"]
[BlackTeam "Desert Penguins"]
[WhiteFideId "13816063"]
[BlackFideId "425052"]
[EventDate "2025.06.11"]
[EventType "team"]

1. e4 e6 2. d3 b6 3. g3 Bb7 4. Bg2 Nf6 5. Nf3 Be7 6. O-O d6 7. Nbd2 Nbd7 8. Re1
c5 9. a4 a6 10. b3 O-O 11. Bb2 Ne8 12. Nc4 b5 13. Ne3 Bf6 14. Bxf6 Nexf6 15. Qe2
Qc7 16. Nd2 Bc6 17. f4 d5 18. e5 Ne8 19. Nf3 d4 20. Ng4 Qb7 21. axb5 axb5 22. b4
cxb4 23. Nxd4 Bxg2 24. Qxg2 Qxg2+ 25. Kxg2 Nc7 26. Ne3 Ra4 27. Reb1 Rfa8 28.
Rxa4 Rxa4 29. Kf3 Kf8 30. Nc6 Na6 31. Nd4 Nc7 32. Nc6 Na6 33. Na7 Nc7 34. Nc6
Na6 35. Na7 Nc7 36. Nc8 Ne8 37. Ke2 Nc5 38. Rb2 Na6 39. d4 Nec7 40. Nd6 Ra1 41.
Kf3 Ra3 42. Kf2 g6 43. g4 Ke7 44. f5 gxf5 45. gxf5 exf5 46. d5 f4 47. Nef5+ Kd7
48. Nxf7 Nxd5 49. Nd4 Nac7 50. Rb1 Re3 51. Nf5 Ke6 52. N7d6 Rxe5 53. Rg1 Rxf5
54. Nxf5 Kxf5 55. Rg7 Ne6 56. Rxh7 Nd4 57. Rb7 Ne3 58. Ra7 Nexc2 59. Ra2 b3 60.
Rb2 Na3 61. h4 Nc4 62. Rb1 Kg4 63. Rh1 Nf5 64. h5 b2 65. Rb1 Kxh5 66. Ke2 Kg4
67. Kd3 f3 68. Rg1+ Ng3 0-1

[Event "FIDE World Rapid Team"]
[Site "London ENG"]
[Date "2025.06.12"]
[Round "8.4"]
[White "Bansal, Saahil"]
[Black "Keneshbekov, Elim"]
[Result "1/2-1/2"]
[BlackTitle "CM"]
[WhiteElo "1979"]
[BlackElo "1883"]
[WhiteTeam "Desert Penguins"]
[BlackTeam "Youth KG"]
[WhiteFideId "438316"]
[BlackFideId "13816772"]
[EventDate "2025.06.11"]
[EventType "team"]

1. d4 Nf6 2. c4 g6 3. Nc3 Bg7 4. e4 d6 5. h3 O-O 6. Be3 Nc6 7. g4 e5 8. d5 Nd4
9. Nf3 c5 10. dxc6 bxc6 11. Nxd4 exd4 12. Bxd4 Re8 13. f3 Bb7 14. Kf2 Qe7 15.
Qd2 Rad8 16. Re1 Qc7 17. Kg2 a6 18. Bd3 d5 19. Bxf6 Bxf6 20. cxd5 cxd5 21. exd5
Bh4 22. Rxe8+ Rxe8 23. f4 Qc5 24. Be4 Rxe4 25. Nxe4 Bxd5 26. Rc1 Bxe4+ 27. Kh2
Qb6 28. g5 Bf2 29. Rc8+ Kg7 30. Rd8 Bg1+ 31. Kg3 Bf2+ 32. Kh2 Qe3 33. Rg8+ Kxg8
34. Qd8+ 1/2-1/2

[Event "FIDE World Rapid Team"]
[Site "London ENG"]
[Date "2025.06.12"]
[Round "8.5"]
[White "Baktybek Kyzy, Alika"]
[Black "Sedykh, Stakhey"]
[Result "1/2-1/2"]
[WhiteElo "1590"]
[BlackElo "1756"]
[WhiteTeam "Youth KG"]
[BlackTeam "Desert Penguins"]
[WhiteFideId "13841327"]
[BlackFideId "453064"]
[EventDate "2025.06.11"]
[EventType "team"]

1. e4 e5 2. Nf3 Nc6 3. Bc4 Bc5 4. c3 Nf6 5. d3 d6 6. O-O Be6 7. Bb5 a6 8. Ba4 b5
9. Bc2 d5 10. exd5 Nxd5 11. Re1 O-O 12. Nxe5 Nxe5 13. Rxe5 Bxf2+ 14. Kh1 Bh4 15.
d4 Bf6 16. Re1 Qd7 17. Qd3 g6 18. Bh6 Bg7 19. Bxg7 Kxg7 20. Nd2 Bf5 21. Ne4 Rae8
22. Qd2 Bxe4 23. Rxe4 Rxe4 24. Bxe4 Nf6 1/2-1/2

[Event "FIDE World Rapid Team"]
[Site "London ENG"]
[Date "2025.06.12"]
[Round "8.6"]
[White "Ding, Yihua"]
[Black "Yrysov, Timur"]
[Result "1/2-1/2"]
[WhiteElo "1536"]
[BlackElo "1880"]
[WhiteTeam "Desert Penguins"]
[BlackTeam "Youth KG"]
[WhiteFideId "495999"]
[BlackFideId "13835459"]
[EventDate "2025.06.11"]
[EventType "team"]

1. d4 Nf6 2. c4 e6 3. Bg5 Bb4+ 4. Nc3 h6 5. Bh4 g5 6. Bg3 Ne4 7. Qc2 Nxg3 8.
hxg3 d5 9. e3 Nc6 10. Nf3 Be7 11. cxd5 exd5 12. a3 Bg4 13. Bd3 Qd7 14. Nh2 Be6
15. Nf3 Bg4 16. Nh2 Be6 17. Nf3 Bg4 1/2-1/2

[Event "FIDE World Rapid Team"]
[Site "London ENG"]
[Date "2025.06.13"]
[Round "9.1"]
[White "Anand, Viswanathan"]
[Black "Aronian, Levon"]
[Result "1/2-1/2"]
[WhiteElo "2719"]
[BlackElo "2746"]
[EventDate "2025.06.11"]
[Board "1"]

1. e4 e5 2. Nf3 Nc6 3. Bb5 a6 4. Ba4 Nf6 5. O-O b5 6. Bb3 Bc5 7. a4 Rb8 8.
Nxe5 Nxe5 9. d4 Bxd4 10. Qxd4 d6 11. axb5 axb5 12. c3 c5 13. Qe3 O-O 14. f3
b4 15. cxb4 Rxb4 16. Bd2 Rb8 17. Ba5 Qe7 18. Nd2 Be6 19. Bxe6 fxe6 20. Bc3
Ng6 21. Qg5 d5 22. exd5 exd5 23. Bxf6 Qxf6 24. Qxd5+ Kh8 25. Ne4 Qxb2 26.
Qxc5 Nf4 27. Qf2 h6 28. Rad1 Qxf2+ 29. Rxf2 Rfd8 30. Rxd8+ Rxd8 31. Rc2 Rb8
32. h4 Kg8 33. Kh2 Rf8 34. Rd2 Rf5 35. g3 Ng6 36. Kg2 Ne5 37. Rd5 Nc4 38.
Rd3 Ne5 39. Rc3 Ng6 40. Rc8+ Kh7 41. Rc7 Kg8 42. Nc5 Rf7 43. Rc6 Ne5 44.
Re6 Nxf3 45. Re8+ Kh7 46. Ne6 g5 1/2-1/2

[Event "FIDE World Rapid Team"]
[Site "London ENG"]
[Date "2025.06.13"]
[Round "9.1"]
[White "Murzin, Volodar"]
[Black "Sevian, Samuel"]
[Result "0-1"]
[WhiteElo "2637"]
[BlackElo "2636"]
[EventDate "2025.06.11"]
[Board "2"]

1. e4 e6 2. d4 d5 3. Nc3 Nf6 4. e5 Nfd7 5. f4 c5 6. Nf3 Nc6 7. Be3 Be7 8.
Qd2 a6 9. Bd3 cxd4 10. Nxd4 Nc5 11. O-O Nxd3 12. cxd3 Bd7 13. Nf3 O-O 14.
Qf2 f6 15. exf6 Rxf6 16. d4 Bd6 17. Qd2 Be8 18. Ne5 Rc8 19. Rac1 Rf8 20.
Bf2 Nxe5 21. dxe5 Bb4 22. a3 Bxc3 23. Rxc3 Rxc3 24. bxc3 Qa5 25. Ra1 Bg6
26. Bd4 Qa4 27. h3 Be4 28. Kh2 h6 29. Ra2 Qc4 30. Ra1 Qa4 31. Ra2 Qc4 32.
Ra1 b5 33. Kg3 Rf5 34. Kh2 Kh7 35. Kg1 Rf7 36. Rf1 Qb3 37. Qc1 Rc7 38. Rf2
Rc4 39. Qb2 Qd1+ 40. Kh2 Qh5 41. Qe2 Qf7 42. Qe3 Qe7 43. Ra2 Qf8 44. Ra1
Qc8 45. Qd2 Ra4 46. Qc1 a5 47. Qd2 Qc4 48. Qb2 b4 49. axb4 Rxa1 50. Qxa1 a4
51. Kg1 Qe2 52. Qf1 Qb2 53. Qf2 a3 54. c4 Qc1+ 55. Kh2 dxc4 56. f5 Bxf5 57.
b5 c3 58. b6 c2 59. b7 Qb1 60. Bb6 c1=Q 61. b8=Q Qh1+ 62. Kg3 Qb3+ 63. Qf3
Qxf3+ 64. Kxf3 Qd1+ 65. Kg3 a2 0-1

[Event "FIDE World Rapid Team"]
[Site "London ENG"]
[Date "2025.06.13"]
[Round "9.1"]
[White "Le, Quang Liem"]
[Black "Giri, Anish"]
[Result "1/2-1/2"]
[WhiteElo "2645"]
[BlackElo "2688"]
[EventDate "2025.06.11"]
[Board "3"]

1. d4 Nf6 2. c4 e6 3. Nf3 d5 4. Nc3 Be7 5. Bf4 c5 6. dxc5 Bxc5 7. e3 Nc6 8.
a3 O-O 9. Qc2 Qa5 10. Rd1 h6 11. Be2 Ne4 12. cxd5 exd5 13. Rxd5 Nxc3 14.
bxc3 Rd8 15. Rxd8+ Nxd8 16. O-O Qxa3 17. Nd4 Ne6 18. Bg3 Bf8 19. Bf3 a5 20.
Rb1 a4 21. h4 Qe7 22. Nb5 Qc5 23. c4 a3 24. Bd5 Bd7 25. Bxb7 Ra5 26. Qd2 a2
27. Ra1 Qb4 28. Qxd7 Qb1+ 29. Qd1 Qxd1+ 30. Rxd1 a1=Q 31. Rxa1 Rxa1+ 32.
Kh2 Nc5 33. Bd5 Nd3 34. Nd4 Rc1 35. Nc6 Nb4 36. Nxb4 Bxb4 37. h5 Be1 38. e4
Rc2 39. Kg1 Bb4 40. f3 Bc5+ 41. Kh2 Kf8 42. Kh3 Ke7 43. Bh4+ f6 44. e5 Bd4
45. f4 Rc1 46. Kg4 Rh1 47. exf6+ Bxf6 48. Bf2 Kd6 49. g3 Rh2 50. Ba7 Rb2
51. Kf5 Rb1 52. g4 Rf1 53. Bg2 Rc1 54. g5 hxg5 55. fxg5 Bb2 56. Bd5 Rf1+
57. Kg6 Ra1 58. Be3 Re1 59. Bd2 Rg1 60. Bb4+ Kc7 61. Bc5 Rg3 62. Bf8 Bf6
63. h6 Rxg5+ 64. Kf7 Be5 65. h7 Rh5 66. Kg8 g5 67. Bf7 Rh2 68. Bg7 Bxg7 69.
Kxg7 g4 70. Bd5 Kd6 71. h8=Q Rxh8 72. Kxh8 g3 73. Kg7 Kc5 74. Kf6 g2 75.
Bxg2 Kxc4 1/2-1/2

[Event "FIDE World Rapid Team"]
[Site "London ENG"]
[Date "2025.06.13"]
[Round "9.1"]
[White "Vidit, Santosh Gujrathi"]
[Black "Sarana, Alexey"]
[Result "1/2-1/2"]
[WhiteElo "2650"]
[BlackElo "2603"]
[EventDate "2025.06.11"]
[Board "4"]

1. c4 e6 2. Nf3 Nf6 3. g3 d5 4. Bg2 Nc6 5. O-O dxc4 6. Qa4 Bd7 7. Qxc4 e5
8. d3 Be7 9. Bg5 O-O 10. Nbd2 Be6 11. Qc2 a5 12. a3 Nd7 13. Bxe7 Qxe7 14.
Rac1 a4 15. e3 Ra5 16. Rfe1 h6 17. d4 exd4 18. Nxd4 Nxd4 19. Qxc7 Rc5 20.
Rxc5 Qxc5 21. Qxc5 Nxc5 22. exd4 Nd3 23. Rb1 Rd8 24. Bxb7 Rxd4 25. Nf3 Rd6
26. Rd1 Bf5 27. Ne5 Rb6 28. Nxd3 Rxb7 29. Nb4 Re7 30. Rd2 Re1+ 31. Kg2 g5
32. f3 Kg7 33. Nd5 Be6 34. Nc3 Bb3 35. Kf2 Rh1 36. Ke3 f5 37. Nb5 Kf6 38.
Rd6+ Kg7 39. Nd4 f4+ 40. gxf4 gxf4+ 41. Kxf4 Rxh2 42. Nf5+ Kf7 43. Rxh6
Rxb2 44. Nd6+ Kg7 45. Nf5+ Kf7 46. Nd6+ Kg7 47. Nf5+ Kf7 1/2-1/2